[Event "ICS rated blitz match"]
[Site "204.178.125.65"]
[Date "2001.09.11"]
[Round "?"]
[White "NoWuss"]
[Black "Hossa"]
[Result "1/2-1/2"]
[WhiteElo "2007"]
[BlackElo "2614"]
[PlyCount "58"]
[EventDate "2001.??.??"]

1. e4 c5 2. Nf3 d6 3. c3 Nf6 4. h3 e5 5. Be2 Be7 6. O-O Nc6 7. d4 exd4 8. cxd4
cxd4 9. Nxd4 Nxe4 10. Nxc6 bxc6 11. Qa4 Nc5 12. Qxc6+ Bd7 13. Qf3 O-O 14. Nc3
Be6 15. Rd1 Rb8 16. Rb1 Qd7 17. Be3 Na4 18. Nd5 Bxd5 19. Rxd5 Nc3 20. Bd3 Nxb1
21. Rh5 g6 22. Rxh7 Kxh7 23. Qh5+ Kg8 24. Bxg6 fxg6 25. Qxg6+ Kh8 26. Qh6+ Kg8
27. Qg6+ Kh8 28. Qh6+ Kg8 29. Qg6+ Kh8 {Game drawn by repetition} 1/2-1/2

[Event "ICS rated blitz match"]
[Site "204.178.125.65"]
[Date "2001.09.11"]
[Round "?"]
[White "Hossa"]
[Black "sombra"]
[Result "1-0"]
[WhiteElo "2599"]
[BlackElo "2569"]
[PlyCount "51"]
[EventDate "2001.??.??"]

1. d4 Nf6 2. Nf3 e6 3. c4 b6 4. a3 c5 5. dxc5 Bxc5 6. e3 O-O 7. Bd3 Bb7 8. O-O
a6 9. b3 Be7 10. Bb2 d6 11. Nbd2 Nbd7 12. Ng5 h6 13. Nge4 Nxe4 14. Bxe4 Qc7 15.
Bxb7 Qxb7 16. Qg4 Bf6 17. Bxf6 Nxf6 18. Qh4 b5 19. Rfc1 Rfc8 20. Rd1 d5 21.
cxd5 Nxd5 22. Nf3 a5 23. Rd2 b4 24. a4 Nc3 25. Ne5 Rd8 26. Rxd8+ {
sombra resigns} 1-0

[Event "ICS rated blitz match"]
[Site "204.178.125.65"]
[Date "2001.09.11"]
[Round "?"]
[White "Hossa"]
[Black "Deep-Katzparov"]
[Result "0-1"]
[WhiteElo "2614"]
[BlackElo "2833"]
[PlyCount "71"]
[EventDate "2001.??.??"]

1. e4 c5 2. Nf3 e6 3. Qe2 Nc6 4. g3 g6 5. Bg2 Bg7 6. h4 h6 7. O-O Nge7 8. c3 e5
9. Na3 O-O 10. Nc4 d6 11. h5 f5 12. Nh4 fxe4 13. hxg6 d5 14. Ne3 Be6 15. c4 Nd4
16. Qh5 Qd7 17. cxd5 Nxd5 18. Nxd5 Bg4 19. Nf6+ Rxf6 20. Qxe5 Re6 21. Qxc5 b6
22. Qa3 Nc2 23. Qa6 Nxa1 24. d4 Nc2 25. Bxe4 Rxe4 26. Qc4+ Be6 27. Qxc2 Bd5 28.
f3 Qh3 29. Nf5 Qxf5 30. fxe4 Bxd4+ 31. Rf2 Bxf2+ 32. Kf1 Qh3+ 33. Ke2 Qg2 34.
Qc3 Bd4+ 35. Kd1 Bxc3 36. bxc3 {Hossa resigns} 0-1

[Event "ICS rated blitz match"]
[Site "204.178.125.65"]
[Date "2001.09.11"]
[Round "?"]
[White "Ecwlapio"]
[Black "Hossa"]
[Result "0-1"]
[WhiteElo "2032"]
[BlackElo "2588"]
[PlyCount "105"]
[EventDate "2001.??.??"]

1. e4 c5 2. Nf3 d6 3. d4 cxd4 4. Nxd4 Nf6 5. Nc3 a6 6. Be2 e6 7. O-O Be7 8. Be3
O-O 9. f4 Nc6 10. Qe1 d5 11. e5 Ne4 12. Nxe4 dxe4 13. Nxc6 bxc6 14. Qc3 Qc7 15.
Qc4 Rb8 16. b3 Rb4 17. Qc3 c5 18. a3 Rb8 19. b4 Bb7 20. bxc5 Rfc8 21. Rab1 Ra8
22. Rb2 Bd5 23. Rfb1 f6 24. exf6 Bxf6 25. Bd4 Bxd4+ 26. Qxd4 Qxc5 27. Qxc5 Rxc5
28. Kf2 Rf8 29. Ke3 Rc3+ 30. Kd2 Rxa3 31. g3 e3+ 32. Ke1 g5 33. Rb8 Rxb8 34.
Rxb8+ Kg7 35. Rb1 gxf4 36. gxf4 Ra4 37. Bd3 Bf3 38. Be2 Be4 39. Bd3 Bxd3 40.
cxd3 Ra2 41. h4 h5 42. Rb4 Kf6 43. Re4 Rh2 44. Rxe3 Rxh4 45. Re4 Rh1+ 46. Kf2
Rd1 47. Ke2 Ra1 48. Re5 h4 49. Rh5 Rh1 50. Ra5 h3 51. Kf2 Rd1 52. Rxa6 h2 53.
Ke2 {Ecwlapio resigns} 0-1

[Event "ICS rated blitz match"]
[Site "204.178.125.65"]
[Date "2001.09.11"]
[Round "?"]
[White "Hossa"]
[Black "Ecwlapio"]
[Result "1-0"]
[WhiteElo "2589"]
[BlackElo "2031"]
[PlyCount "53"]
[EventDate "2001.??.??"]

1. e4 c5 2. Nf3 d6 3. d4 cxd4 4. Qxd4 Nc6 5. Qd3 Nf6 6. Be2 e6 7. O-O Be7 8.
Rd1 O-O 9. c3 a6 10. Bf4 e5 11. Bg5 Qb6 12. Bxf6 Bxf6 13. Na3 Be6 14. Nc4 Bxc4
15. Qxc4 Qxb2 16. Rdb1 Qa3 17. Rb3 Qa5 18. Rxb7 Rac8 19. Rd1 Nd4 20. Qxa6 Qxc3
21. Nxd4 exd4 22. Qxd6 Rcd8 23. Qc7 Qa3 24. Bc4 d3 25. Bxf7+ Kh8 26. Bd5 Bd4
27. e5 {Ecwlapio resigns} 1-0

[Event "ICS rated blitz match"]
[Site "204.178.125.65"]
[Date "2001.09.11"]
[Round "?"]
[White "Ecwlapio"]
[Black "Hossa"]
[Result "0-1"]
[WhiteElo "2030"]
[BlackElo "2590"]
[PlyCount "21"]
[EventDate "2001.??.??"]

1. e4 c5 2. Nf3 d6 3. d4 cxd4 4. Nxd4 Nf6 5. Nc3 a6 6. Bc4 e6 7. Bb3 b5 8. f4
b4 9. Na4 Nxe4 10. Qe2 Qh4+ 11. Kf1 {Ecwlapio resigns} 0-1

[Event "ICS rated blitz match"]
[Site "204.178.125.65"]
[Date "2001.09.11"]
[Round "?"]
[White "Hossa"]
[Black "Amateur"]
[Result "1/2-1/2"]
[WhiteElo "2591"]
[BlackElo "2523"]
[PlyCount "171"]
[EventDate "2001.??.??"]

1. e4 c6 2. d4 d5 3. exd5 cxd5 4. c4 Nf6 5. Nc3 e6 6. Nf3 Be7 7. cxd5 Nxd5 8.
Bd3 Nc6 9. O-O O-O 10. a3 Nf6 11. Bc2 Bd7 12. Be3 Qa5 13. Bg5 h6 14. Bf4 Rac8
15. Qd2 Qh5 16. Rac1 Na5 17. Ne5 Nc4 18. Nxc4 Rxc4 19. Rfe1 Re8 20. Qd3 Rc6 21.
Bd1 Qa5 22. Bf3 Qa6 23. Qxa6 Rxa6 24. Bc7 b6 25. Re5 Bd8 26. Bxd8 Rxd8 27. Bb7
Ra5 28. Rxa5 bxa5 29. Bf3 g5 30. d5 g4 31. Be4 Nxe4 32. Nxe4 exd5 33. Nf6+ Kg7
34. Nxd5 Rb8 35. Rc2 Bf5 36. Re2 Rc8 37. f3 gxf3 38. gxf3 Be6 39. Nc3 Kf6 40.
Rd2 Kg5 41. Kf2 f5 42. a4 Rb8 43. Ke3 Rb4 44. Rg2+ Kh4 45. Rg6 f4+ 46. Kf2
Rxb2+ 47. Kg1 Bf7 48. Rxh6+ Bh5 49. Ne4 Rb1+ 50. Kg2 Rb2+ 51. Kf1 Rb1+ 52. Ke2
Rh1 53. Nf6 Rxh2+ 54. Kd3 Kg5 55. Rxh5+ Rxh5 56. Nxh5 Kxh5 57. Ke4 Kg6 58. Kxf4
Kf6 59. Ke4 Ke6 60. f4 Kf6 61. f5 Ke7 62. Ke5 Kf7 63. f6 a6 64. Kf5 Kf8 65. Kg6
Kg8 66. Kh5 Kf7 67. Kg5 Kf8 68. Kf5 Kf7 69. Ke5 Kf8 70. Kd4 Kf7 71. Kc5 Kxf6
72. Kb6 Ke5 73. Kc6 Kd4 74. Kd6 Kc4 75. Ke5 Kb4 76. Kd5 Kxa4 77. Kc4 Ka3 78.
Kc3 a4 79. Kc2 Ka2 80. Kc1 Ka1 81. Kc2 a5 82. Kc1 a3 83. Kc2 a2 84. Kc1 a4 85.
Kc2 a3 86. Kc1 {Amateur stalemated} 1/2-1/2

[Event "ICS rated blitz match"]
[Site "204.178.125.65"]
[Date "2001.09.11"]
[Round "?"]
[White "Hossa"]
[Black "NoWuss"]
[Result "1-0"]
[WhiteElo "2588"]
[BlackElo "2050"]
[PlyCount "85"]
[EventDate "2001.??.??"]

1. e4 g6 2. d4 Bg7 3. Nf3 d6 4. Be2 Nf6 5. Nc3 O-O 6. O-O c6 7. a4 Qc7 8. Bf4
Nh5 9. Bg5 e5 10. Qd2 a5 11. Bh6 Nd7 12. Rfd1 Re8 13. Bxg7 Kxg7 14. d5 c5 15.
Nb5 Qb8 16. Ng5 Nhf6 17. Qe3 Re7 18. Rf1 h6 19. Nf3 Nf8 20. Nd2 Bd7 21. f4 Bxb5
22. Bxb5 N6d7 23. Nc4 Qc7 24. Qf3 Rd8 25. Rad1 f6 26. f5 g5 27. Qh5 Kg8 28.
Bxd7 Rdxd7 29. Qxh6 Nh7 30. Rd3 Rg7 31. Rh3 Qd8 32. Re1 Rde7 33. Rd1 Rd7 34.
Rd2 Rde7 35. Rb3 Qa8 36. Nxd6 c4 37. Nxc4 Rc7 38. Rc3 Qa7+ 39. Kf1 Qa6 40. b3
Rgd7 41. Qg6+ Kf8 42. d6 b5 43. dxc7 {NoWuss resigns} 1-0

[Event "ICS rated blitz match"]
[Site "204.178.125.65"]
[Date "2001.09.11"]
[Round "?"]
[White "Tinker"]
[Black "Hossa"]
[Result "1/2-1/2"]
[WhiteElo "2459"]
[BlackElo "2589"]
[PlyCount "105"]
[EventDate "2001.??.??"]

1. e4 c5 2. Nf3 d6 3. d4 cxd4 4. Nxd4 Nf6 5. Nc3 a6 6. Bg5 e6 7. f4 Be7 8. Qf3
O-O 9. O-O-O Qc7 10. Bd3 Nc6 11. Nxc6 bxc6 12. Qg3 e5 13. Be2 Rb8 14. fxe5 dxe5
15. Bh6 Ne8 16. a3 Qb7 17. Na4 c5 18. Be3 Qxe4 19. Nxc5 Bxc5 20. Bxc5 Qxe2 21.
Bxf8 Kxf8 22. Rhe1 Qb5 23. Qxe5 Qxe5 24. Rxe5 Bb7 25. Rd2 Nf6 26. Ree2 Ne4 27.
Rd7 Nc5 28. Rc7 Ne6 29. Rc4 g5 30. Rd2 f5 31. Rb4 Nc5 32. Rb6 Rc8 33. Kd1 Bc6
34. c4 Ne4 35. Rc2 a5 36. b3 Nc5 37. Rf2 f4 38. Ke2 h5 39. Kf1 Nd3 40. Re2 Rc7
41. Re6 Bd7 42. Red6 Nc5 43. Rd5 a4 44. bxa4 Nxa4 45. Rb4 Nc3 46. Rxg5 Be6 47.
c5 Nd5 48. Rb5 Kf7 49. a4 Nc3 50. Rb4 Nd5 51. Rb5 Nc3 52. Rb4 Nd5 53. Rb5 {
Game drawn by repetition} 1/2-1/2

[Event "ICS rated blitz match"]
[Site "204.178.125.65"]
[Date "2001.09.11"]
[Round "?"]
[White "Hossa"]
[Black "Tinker"]
[Result "1-0"]
[WhiteElo "2583"]
[BlackElo "2465"]
[PlyCount "125"]
[EventDate "2001.??.??"]

1. d4 Nf6 2. Nf3 e6 3. c4 d5 4. Nc3 c6 5. e3 Nbd7 6. Qc2 Bd6 7. Bd2 a6 8. c5
Bc7 9. Bd3 e5 10. dxe5 Nxe5 11. Nxe5 Bxe5 12. Na4 O-O 13. Nb6 Rb8 14. Nxc8 Qxc8
15. O-O Qe8 16. Rfd1 Qe7 17. Bb4 Rfe8 18. Qe2 b6 19. Ba3 bxc5 20. Bxa6 Qc7 21.
g3 Qb6 22. Bd3 c4 23. Bf5 Bxb2 24. Rab1 Bxa3 25. Rxb6 Rxb6 26. Qe1 Bb4 27. Qf1
Ra6 28. Qe2 Rea8 29. Qb2 c5 30. Bb1 Rc6 31. Bc2 c3 32. Qa1 Rb8 33. a4 Rcb6 34.
Kg2 R8b7 35. Kf3 Ba5 36. Bf5 Rb2 37. Rc1 Ne8 38. Bd3 Rd2 39. Bb1 Rbb2 40. Rf1
d4 41. Qa3 Bb4 42. Qa1 d3 43. a5 c4 44. a6 Nc7 45. a7 Na8 46. Qa6 Bf8 47. Qc8
Nb6 48. Qb8 Nd7 49. Qxb2 Rxb2 50. a8=Q Nc5 51. Ba2 Nb3 52. Kf4 Re2 53. Bxb3
cxb3 54. Qc8 c2 55. Ra1 Rxf2+ 56. Ke4 d2 57. Ra8 h6 58. Qxf8+ Kh7 59. Qh8+ Kg6
60. Ra6+ Rf6 61. Rxf6+ Kxf6 62. Qd8+ Kg6 63. Qxd2 {Tinker resigns} 1-0

[Event "ICS rated blitz match"]
[Site "204.178.125.65"]
[Date "2001.09.11"]
[Round "?"]
[White "Tinker"]
[Black "Hossa"]
[Result "1-0"]
[WhiteElo "2454"]
[BlackElo "2594"]
[PlyCount "145"]
[EventDate "2001.??.??"]

1. e4 c5 2. Nf3 d6 3. d4 cxd4 4. Nxd4 Nf6 5. Nc3 a6 6. Bg5 e6 7. f4 Qb6 8. Nb3
Nbd7 9. Qf3 Be7 10. Be2 O-O 11. O-O-O Nc5 12. Nxc5 Qxc5 13. Qd3 Qf2 14. Rdf1
Qc5 15. Rd1 Qf2 16. Na4 b5 17. Bf3 bxa4 18. e5 Rb8 19. exf6 gxf6 20. Bh6 Rd8
21. h4 Qb6 22. Qa3 f5 23. Qc3 f6 24. Rdg1 Kh8 25. g4 Rg8 26. g5 Bd7 27. Rd1
Rgc8 28. Qa3 Rc5 29. Rd2 d5 30. c3 fxg5 31. Bxg5 Bd8 32. Kb1 a5 33. Rg2 Bxg5
34. hxg5 Kg7 35. Rgh2 Rh8 36. Rh6 Bb5 37. c4 Bc6 38. Qc3+ d4 39. Qxd4+ e5 40.
fxe5 Rb5 41. Qxb6 Rxb6 42. Bxc6 f4 43. Kc2 a3 44. bxa3 f3 45. Bxf3 Rg6 46. Be4
Rxg5 47. Rxh7+ Rxh7 48. Rxh7+ Kg8 49. Ra7 Rxe5 50. Bd5+ Kf8 51. Rxa5 Re2+ 52.
Kb3 Ke7 53. a4 Kd6 54. Ra6+ Kc5 55. Rc6+ Kd4 56. a5 Re3+ 57. Kb4 Re2 58. Rd6
Rxa2 59. a6 Ke5 60. c5 Ra1 61. Bb7 Rb1+ 62. Ka3 Rb5 63. Rd1 Ra5+ 64. Kb4 Ra2
65. c6 Rc2 66. a7 Ra2 67. a8=Q Rf2 68. c7 Rc2 69. c8=Q Rxc8 70. Qxc8 Kf4 71.
Rf1+ Ke5 72. Qc5+ Ke6 73. Bc8# {Hossa checkmated} 1-0

[Event "ICS rated blitz match"]
[Site "204.178.125.65"]
[Date "2001.09.11"]
[Round "?"]
[White "Ecwlapio"]
[Black "Hossa"]
[Result "0-1"]
[WhiteElo "2056"]
[BlackElo "2572"]
[PlyCount "27"]
[EventDate "2001.??.??"]

1. e4 c5 2. Nf3 d6 3. d4 cxd4 4. Nxd4 Nf6 5. Nc3 a6 6. Be3 Ng4 7. Bg5 h6 8. Bh4
g5 9. Bg3 Bg7 10. Be2 h5 11. h4 gxh4 12. Rxh4 Bf6 13. Rh1 Nc6 14. Qd2 {
Ecwlapio resigns} 0-1

[Event "ICS rated blitz match"]
[Site "204.178.125.65"]
[Date "2001.09.11"]
[Round "?"]
[White "Ecwlapio"]
[Black "Hossa"]
[Result "0-1"]
[WhiteElo "2050"]
[BlackElo "2578"]
[PlyCount "50"]
[EventDate "2001.??.??"]

1. e4 c5 2. Nf3 d6 3. d4 cxd4 4. Nxd4 Nf6 5. Nc3 a6 6. Be2 e6 7. Be3 Be7 8. O-O
O-O 9. f4 d5 10. e5 Ne4 11. Nxe4 dxe4 12. Qe1 Qc7 13. Qf2 f6 14. exf6 Rxf6 15.
Qg3 Bd7 16. Rad1 b6 17. Bg4 Rg6 18. Qh3 Rh6 19. Qg3 Ra7 20. f5 Bd6 21. Bf4 Bxf4
22. Qxf4 e5 23. Qg5 exd4 24. f6 Qxh2+ 25. Kf2 Rxf6+ {Ecwlapio resigns} 0-1

[Event "ICS rated blitz match"]
[Site "204.178.125.65"]
[Date "2001.09.11"]
[Round "?"]
[White "Hossa"]
[Black "Ecwlapio"]
[Result "1-0"]
[WhiteElo "2579"]
[BlackElo "2049"]
[PlyCount "51"]
[EventDate "2001.??.??"]

1. e4 c5 2. Nf3 d6 3. c3 c4 4. Bxc4 e6 5. d4 Nf6 6. Bd3 a6 7. O-O Be7 8. e5 Nd5
9. Re1 Nc6 10. exd6 Bxd6 11. c4 Nf6 12. Nc3 b6 13. Ne4 Be7 14. Nxf6+ Bxf6 15.
Be4 Bd7 16. d5 Ne7 17. dxe6 Bxe6 18. Bxa8 Qxa8 19. Qa4+ Qc6 20. Qxc6+ Nxc6 21.
Ng5 Bxg5 22. Bxg5 O-O 23. b3 Nd4 24. Rad1 Nc2 25. Re2 Nb4 26. Be7 {
Ecwlapio resigns} 1-0

[Event "ICS rated blitz match"]
[Site "204.178.125.65"]
[Date "2001.09.11"]
[Round "?"]
[White "Hossa"]
[Black "Ecwlapio"]
[Result "1-0"]
[WhiteElo "2581"]
[BlackElo "2047"]
[PlyCount "61"]
[EventDate "2001.??.??"]

1. d4 Nf6 2. Nf3 e6 3. c4 d5 4. Nc3 c6 5. e3 dxc4 6. Bxc4 b5 7. Bd3 a6 8. O-O
Bb7 9. Qe2 Nbd7 10. e4 c5 11. Bg5 h6 12. Bxf6 gxf6 13. Rac1 cxd4 14. Nxd4 Bc5
15. Nb3 Bb6 16. a4 b4 17. Na2 a5 18. Bb5 Kf8 19. Rfd1 Bc8 20. Rxc8 Qxc8 21.
Rxd7 Ra7 22. Rxa7 Bxa7 23. Nxa5 Qc5 24. Qd2 Kg7 25. Nxb4 Rd8 26. Nd3 Qd4 27.
Nc6 Qxf2+ 28. Qxf2 Bxf2+ 29. Kxf2 Rc8 30. b4 Rc7 31. Nc5 {Ecwlapio resigns} 1-0

[Event "ICS rated blitz match"]
[Site "204.178.125.65"]
[Date "2001.09.11"]
[Round "?"]
[White "Ecwlapio"]
[Black "Hossa"]
[Result "0-1"]
[WhiteElo "2046"]
[BlackElo "2582"]
[PlyCount "51"]
[EventDate "2001.??.??"]

1. e4 c5 2. Nf3 d6 3. d4 cxd4 4. Nxd4 Nf6 5. Nc3 a6 6. Be2 e5 7. Nb3 Be7 8. Be3
O-O 9. O-O b6 10. Nd5 Nxd5 11. exd5 Bb7 12. c4 f5 13. f4 Qc7 14. Rc1 Nd7 15.
Nd2 e4 16. b4 a5 17. a3 Bf6 18. Qb3 axb4 19. axb4 Rfd8 20. Rb1 Ra7 21. Rfc1 g6
22. Rc2 Rda8 23. c5 Ra3 24. Qc4 bxc5 25. Kf2 Rxe3 26. Kxe3 {Ecwlapio resigns}
0-1

[Event "ICS rated blitz match"]
[Site "204.178.125.65"]
[Date "2001.09.11"]
[Round "?"]
[White "Hossa"]
[Black "IgorIvanov"]
[Result "1-0"]
[WhiteElo "2583"]
[BlackElo "2428"]
[PlyCount "81"]
[EventDate "2001.??.??"]

1. d4 Nf6 2. Nf3 g6 3. g3 Bg7 4. Bg2 O-O 5. O-O d5 6. c4 dxc4 7. Na3 c3 8. bxc3
c5 9. Ne5 Nd5 10. Bb2 Nc6 11. Nxc6 bxc6 12. dxc5 Rb8 13. Rb1 Qa5 14. Bxd5 cxd5
15. Qxd5 Be6 16. Qd2 Qxc5 17. Ra1 Rfd8 18. Qc2 Bf5 19. e4 Bxe4 20. Qxe4 Rxb2
21. Nc4 Rbb8 22. Rfd1 Bxc3 23. Rxd8+ Rxd8 24. Rc1 Bf6 25. Qe2 Rc8 26. Qf3 Kg7
27. a3 Qc6 28. Qd3 Qa6 29. Qd5 h5 30. Qd3 e6 31. Qe4 Rc5 32. Rc2 Qa4 33. Qd3
Qb5 34. Rc1 Qc6 35. Rc2 Qd5 36. Qe2 Bd4 37. a4 e5 38. a5 e4 39. Qf1 Qf5 40. Qd1
h4 41. Qxd4+ {IgorIvanov resigns} 1-0

[Event "ICS rated blitz match"]
[Site "204.178.125.65"]
[Date "2001.09.11"]
[Round "?"]
[White "Hossa"]
[Black "IgorIvanov"]
[Result "1-0"]
[WhiteElo "2592"]
[BlackElo "2415"]
[PlyCount "109"]
[EventDate "2001.??.??"]

1. d4 Nf6 2. Nf3 b6 3. Nc3 Bb7 4. Bg5 e6 5. e4 h6 6. Bxf6 Qxf6 7. Bd3 a6 8. O-O
d6 9. Qd2 Nd7 10. a4 g5 11. Qe3 Qf4 12. a5 Qxe3 13. fxe3 b5 14. Rf2 Bg7 15. Ne2
c5 16. c3 f6 17. Raf1 O-O-O 18. b4 cxb4 19. cxb4 h5 20. Rc1+ Kb8 21. Nd2 Rc8
22. Nc3 Rc7 23. Nf1 Rhc8 24. Rfc2 h4 25. h3 Nf8 26. Nh2 Bc6 27. Ng4 Be8 28. Nf2
Bg6 29. Be2 f5 30. exf5 Bxf5 31. Bd3 Bxd3 32. Nxd3 Rc4 33. Nf2 Rxb4 34. Nfe4 d5
35. Nd6 Rc6 36. Nxd5 Rxc2 37. Rxc2 exd5 38. Rc8+ Ka7 39. Rc7+ Kb8 40. Rb7+ Ka8
41. Rxg7 Ne6 42. Re7 Nxd4 43. exd4 Rxd4 44. Rg7 b4 45. Rg8+ Ka7 46. Rxg5 b3 47.
Rg7+ Ka8 48. Rb7 Rd3 49. Rb6 Ka7 50. Nc8+ Ka8 51. Ne7 Re3 52. Rxa6+ Kb7 53.
Rb6+ Ka8 54. Nc6 Re8 55. Rxb3 {IgorIvanov resigns} 1-0

[Event "ICS rated blitz match"]
[Site "204.178.125.65"]
[Date "2001.09.11"]
[Round "?"]
[White "kyrios"]
[Black "Hossa"]
[Result "0-1"]
[WhiteElo "2271"]
[BlackElo "2600"]
[PlyCount "90"]
[EventDate "2001.??.??"]

1. Nf3 d5 2. d4 c6 3. c4 Nf6 4. Nc3 e6 5. e3 Nbd7 6. Be2 b6 7. O-O Bd6 8. Qc2
Bb7 9. Rd1 Qc7 10. a3 O-O 11. e4 Nxe4 12. Nxe4 dxe4 13. Qxe4 c5 14. Qh4 a6 15.
b3 Rfe8 16. Bb2 Be7 17. Qg3 Qxg3 18. hxg3 cxd4 19. Bxd4 Red8 20. Ne5 Nxe5 21.
Bxe5 Be4 22. Kf1 Rxd1+ 23. Bxd1 Rd8 24. Bc7 Rd7 25. Be5 a5 26. Bf3 Bxf3 27.
gxf3 f6 28. Bf4 Rd3 29. Rb1 Bxa3 30. Be3 Rd6 31. b4 Bxb4 32. Ke2 Rc6 33. Kd3
Kf7 34. f4 Rd6+ 35. Ke2 Kg6 36. f3 h6 37. Rb3 Rc6 38. Kd3 h5 39. Rb1 Rd6+ 40.
Ke2 f5 41. Bf2 Kf6 42. Be3 Ke7 43. Bc1 Kd7 44. Be3 Kc6 45. Bc1 Kc5 {
kyrios resigns} 0-1

[Event "ICS rated blitz match"]
[Site "204.178.125.65"]
[Date "2001.09.11"]
[Round "?"]
[White "Goteborg"]
[Black "Hossa"]
[Result "1-0"]
[WhiteElo "2727"]
[BlackElo "2604"]
[PlyCount "116"]
[EventDate "2001.??.??"]

1. e4 c5 2. Nf3 d6 3. d4 cxd4 4. Nxd4 Nf6 5. Nc3 a6 6. Bg5 e6 7. f4 Be7 8. Qf3
O-O 9. O-O-O Qc7 10. Qg3 Bd7 11. e5 Nh5 12. Qg4 Bxg5 13. Qxg5 g6 14. g4 dxe5
15. fxe5 f6 16. Qh6 Ng7 17. exf6 Rxf6 18. Bg2 Rf2 19. Ne4 Qf4+ 20. Qxf4 Rxf4
21. Rdf1 Rxf1+ 22. Rxf1 Bc6 23. Nf6+ Kh8 24. Ne4 Kg8 25. Nf6+ Kh8 26. Nh5 Kg8
27. Nxc6 Nxc6 28. Nf6+ Kh8 29. Nd7 Rc8 30. Nc5 h5 31. gxh5 gxh5 32. Nxb7 Nb4
33. c3 Nd3+ 34. Kc2 Ne5 35. Nd6 Rd8 36. Re1 Rf8 37. Rxe5 Rf2+ 38. Kd3 Rxg2 39.
Re2 Rg1 40. c4 Nf5 41. c5 Rd1+ 42. Rd2 Rc1 43. Nxf5 exf5 44. Rc2 Re1 45. c6 Re8
46. c7 Rc8 47. Kd4 Kg7 48. Ke5 Kf7 49. Kd6 Kf6 50. Kd7 Ra8 51. c8=Q Rxc8 52.
Rxc8 Ke5 53. Rh8 Kd4 54. Rxh5 f4 55. h4 Ke4 56. Ke6 f3 57. Rf5 a5 58. Rc5 f2 {
Hossa resigns} 1-0

[Event "ICS rated blitz match"]
[Site "204.178.125.65"]
[Date "2001.09.11"]
[Round "?"]
[White "Hossa"]
[Black "ExtremeGambit"]
[Result "0-1"]
[WhiteElo "2593"]
[BlackElo "2812"]
[PlyCount "81"]
[EventDate "2001.??.??"]

1. d4 Nf6 2. Nf3 g6 3. g3 Bg7 4. Bg2 d5 5. c4 c6 6. cxd5 cxd5 7. O-O O-O 8. Nc3
Ne4 9. Nxe4 dxe4 10. Ne5 Qd5 11. b3 Nc6 12. Bb2 Be6 13. Nxc6 Qxc6 14. Rc1 Qa6
15. a3 f5 16. f3 Qb6 17. fxe4 Bxb3 18. Qd3 Bh6 19. Rc3 fxe4 20. Qxe4 e6 21. Qh4
Rxf1+ 22. Bxf1 Bg7 23. e3 Bd5 24. Bc1 Rf8 25. Bd3 Qa5 26. Bd2 Bc6 27. Bc4 Qf5
28. Qf4 Qh3 29. Bf1 Qh5 30. g4 Qd5 31. e4 Bxd4+ 32. Be3 Qd8 33. Qg3 Bxc3 34.
Qg2 Bd4 35. Qd2 Qg5 36. Qxd4 Qxg4+ 37. Bg2 Bxe4 38. Qd2 Bxg2 39. Bf4 Bc6+ 40.
Kf2 Rxf4+ 41. Qxf4 {Hossa resigns} 0-1

[Event "ICS rated blitz match"]
[Site "204.178.125.65"]
[Date "2001.09.11"]
[Round "?"]
[White "Hossa"]
[Black "salzi"]
[Result "1-0"]
[WhiteElo "2586"]
[BlackElo "2084"]
[PlyCount "29"]
[EventDate "2001.??.??"]

1. d4 Nf6 2. Nf3 e6 3. c4 d5 4. Nc3 Be7 5. Bg5 O-O 6. e3 h6 7. Bh4 b6 8. cxd5
Nxd5 9. Bxe7 Qxe7 10. Bd3 Bb7 11. O-O Nd7 12. Nxd5 exd5 13. Qc2 Nf6 14. Rac1
Rac8 15. Bf5 {salzi resigns} 1-0

[Event "ICS rated blitz match"]
[Site "204.178.125.65"]
[Date "2001.09.11"]
[Round "?"]
[White "salzi"]
[Black "Hossa"]
[Result "0-1"]
[WhiteElo "2082"]
[BlackElo "2588"]
[PlyCount "80"]
[EventDate "2001.??.??"]

1. d4 d5 2. c4 c6 3. cxd5 cxd5 4. Nf3 Nf6 5. Nc3 Nc6 6. Bf4 a6 7. e3 e6 8. h3
b6 9. Rc1 Bb7 10. Bd3 Rc8 11. O-O Bd6 12. Bxd6 Qxd6 13. Bb1 O-O 14. Re1 Nd7 15.
e4 dxe4 16. Nxe4 Qf4 17. a3 Rfd8 18. Qd3 Nf8 19. Rcd1 Ne7 20. Qe3 Qb8 21. Nc3
Qc7 22. Be4 Bxe4 23. Qxe4 Nfg6 24. Ne5 Nxe5 25. dxe5 Ng6 26. f4 Qc5+ 27. Kh2
Qf2 28. Ne2 Rxd1 29. Rxd1 Nh4 30. Rd2 Rf8 31. Rc2 Nf5 32. Nc1 Qg3+ 33. Kg1 Ne3
34. Re2 Rd8 35. Nd3 Nxg2 36. Qxg2 Rxd3 37. Qxg3 Rxg3+ 38. Kh2 Rf3 39. Rc2 g6
40. Rc6 Rf2+ {salzi resigns} 0-1

[Event "ICS rated blitz match"]
[Site "204.178.125.65"]
[Date "2001.09.11"]
[Round "?"]
[White "Hossa"]
[Black "kyrios"]
[Result "1-0"]
[WhiteElo "2590"]
[BlackElo "2287"]
[PlyCount "103"]
[EventDate "2001.??.??"]

1. e4 Nf6 2. Nc3 e5 3. Bc4 Bb4 4. Nge2 O-O 5. O-O Bc5 6. d4 exd4 7. Nxd4 Bxd4
8. Qxd4 d6 9. Nd5 Nbd7 10. Bg5 c6 11. Nxf6+ Nxf6 12. Rfd1 Bg4 13. f3 Be6 14.
Bxf6 Qxf6 15. Qxf6 gxf6 16. Bxe6 fxe6 17. Rxd6 e5 18. Rad1 Rf7 19. Kf2 Raf8 20.
Ke3 Kg7 21. g4 Rc7 22. h4 Rff7 23. c3 Kf8 24. Rd8+ Ke7 25. R1d6 b6 26. b3 c5
27. Rd1 Rb7 28. a3 Rc7 29. c4 a6 30. R1d6 b5 31. Kd3 bxc4+ 32. Kxc4 Ra7 33.
Kxc5 a5 34. Kb6 a4 35. Kxa7 axb3 36. R8d7+ Kf8 37. Rxf7+ Kxf7 38. Rd7+ Ke6 39.
Rxh7 b2 40. Rb7 Kd6 41. Rb6+ Kc5 42. Rxb2 Kd4 43. Rb6 Ke3 44. Rxf6 Kf2 45. h5
Kg3 46. h6 Kf2 47. g5 Ke3 48. g6 Kd4 49. h7 Kc5 50. g7 Kd4 51. g8=Q Kd3 52.
Qb3+ {kyrios resigns} 1-0

[Event "ICS rated blitz match"]
[Site "204.178.125.65"]
[Date "2001.09.11"]
[Round "?"]
[White "Tinker"]
[Black "Hossa"]
[Result "1/2-1/2"]
[WhiteElo "2511"]
[BlackElo "2596"]
[PlyCount "110"]
[EventDate "2001.??.??"]

1. e4 c5 2. Nf3 d6 3. d4 cxd4 4. Nxd4 Nf6 5. Nc3 a6 6. Be2 e6 7. O-O Be7 8. f4
O-O 9. Kh1 b6 10. e5 dxe5 11. fxe5 Nfd7 12. Bd3 Nxe5 13. Bxh7+ Kxh7 14. Qh5+
Kg8 15. Qxe5 Bf6 16. Qe4 Qe7 17. Be3 Bb7 18. Qg4 Nd7 19. Qh3 Ne5 20. Bf2 Rfc8
21. Nce2 Nc4 22. b3 Nd2 23. Rfe1 Ne4 24. Be3 Bg5 25. Bg1 Bd2 26. Rf1 Nc3 27.
Nf4 Be4 28. Rf2 Bxf4 29. Rxf4 f5 30. Rh4 Kf7 31. a4 Qf6 32. Rf1 Ke7 33. Be3 Kd7
34. Qg3 Bd5 35. Bg5 Qg6 36. Qf4 Bb7 37. Qe3 Rc5 38. Qf4 Rf8 39. Nf3 Bxf3 40.
gxf3 Nd5 41. Qd2 f4 42. c4 Qxg5 43. Rg4 Qh6 44. cxd5 Rxd5 45. Qb4 Rh8 46. Rg2
Rb8 47. Qc4 b5 48. Qc3 g6 49. Rc1 Rd8 50. axb5 axb5 51. Qf6 Rf8 52. Qa1 Rd8 53.
Qf6 Rf8 54. Qa1 Rd8 55. Qf6 Rf8 {Game drawn by repetition} 1/2-1/2

[Event "ICS rated blitz match"]
[Site "204.178.125.65"]
[Date "2001.09.12"]
[Round "?"]
[White "VIDARTE"]
[Black "Hossa"]
[Result "0-1"]
[WhiteElo "2343"]
[BlackElo "2607"]
[PlyCount "23"]
[EventDate "2001.??.??"]

1. g3 g6 2. Bg2 Bg7 3. Nf3 Nf6 4. O-O O-O 5. d3 d5 6. Nbd2 c5 7. c3 Nc6 8. a3
e5 9. b4 e4 10. Ne1 exd3 11. e3 c4 12. e4 {VIDARTE resigns} 0-1

[Event "ICS rated blitz match"]
[Site "204.178.125.65"]
[Date "2001.09.12"]
[Round "?"]
[White "Hossa"]
[Black "VIDARTE"]
[Result "1-0"]
[WhiteElo "2610"]
[BlackElo "2333"]
[PlyCount "87"]
[EventDate "2001.??.??"]

1. d4 Nf6 2. Nf3 g6 3. Nc3 d5 4. Bf4 Bg7 5. e3 O-O 6. Bd3 Bg4 7. h3 Bxf3 8.
Qxf3 c6 9. O-O-O Nbd7 10. h4 Re8 11. Be2 e5 12. dxe5 Nxe5 13. Qg3 Qe7 14. h5 b5
15. hxg6 fxg6 16. Qh2 Ned7 17. g4 Nf8 18. Bf3 b4 19. Bd6 Qf7 20. Bxb4 a5 21.
Bxf8 Bxf8 22. g5 Ne4 23. Bxe4 dxe4 24. Rd4 a4 25. Nxe4 Rxe4 26. Rxe4 a3 27. b3
Ra7 28. Rh4 Qg7 29. Kd1 Rd7+ 30. Rd4 Rxd4+ 31. exd4 Qxd4+ 32. Ke2 Qe4+ 33. Kf1
Qe7 34. c4 Qd7 35. Qh4 Bg7 36. Qxh7+ Kf7 37. Rh3 Qd1+ 38. Kg2 Qg4+ 39. Rg3 Qd4
40. Rf3+ Ke7 41. Qxg6 Qg4+ 42. Rg3 Qd4 43. Re3+ Kd7 44. Qf7+ {VIDARTE resigns}
1-0